000 00446nam a2200169Ia 4500
005 20240529004029.0
008 240331s9999 xx 000 0 und d
082 _bMAL
_a339.46
100 _aMaloney, Clarence
245 0 _aBehavior and poverty in Bangaladesh
_cClarence, Maloney
250 _a1 st
260 _aDhaka
_bThe university press Limited
_c1986
300 _aviii, 87 p .,
650 _aPolitical
650 _aEconomic
942 _cL
999 _c2790
_d2790